000 01217nam a22003617a 4500
001 0015553
003 KOHA_MİRAKIL
005 20260207002033.0
007 ta
008 100324b1968 tu |||gr||||#0|||0|tur |
020 _c0,01
040 _aTR-BiSEU
_btur
_cTR-BiSEU
_erda
041 0 _atur
044 _ctu
050 _aDR439
_b.A46 1968
100 0 _aAhmed Rasim.
245 1 _aOsmanlı tarihi :
_bseçmeler/
_cAhmed Rasim ; Ahmed Rasim; editör İsmet Parmaksızoğlu.
264 1 _aİstanbul :
_bMilli Eğitim Bakanlığı
_c1968
300 _a163 sayfa: resimli; 23 cm.
336 _ametin
_btxt
_2rdacontent
337 _aaracısız
_bn
_2rdamedia
338 _acilt
_bnc
_2rdacarrier
490 1 _aMilli Eğitim Bakanlığı.
490 1 _aBüyük Türk Yazarları ve Şairleri Komisyonu yayınları ;
_v 2.
490 1 _aTarih serisi ;
_v2.
650 0 _a History--Turkey--Study and teaching.
_936096
650 0 _aTarih--Türkiye--Çalışma ve öğretim.
_936097
830 1 _aMilli Eğitim Bakanlığı.
_925055
830 1 _aBüyük Türk Yazarları ve Şairleri Komisyonu yayınları ;
_v 2.
_936098
830 1 _aTarih serisi ;
_v2.
_913124
907 _aTarih
942 _2lcc
_cBK
999 _c15516
_d15516